[Event "Bermuda"]
[Site "Bermuda"]
[Date "2004.01.16"]
[Round "2"]
[White "Macieja, Bartlomiej"]
[Black "Iordachescu, Viorel"]
[Result "0-1"]
[WhiteElo "2653"]
[BlackElo "2634"]
[Annotator "Erenburg,S"]
[PlyCount "132"]
[EventDate "2004.01.15"]
[EventType "tourn"]
[EventRounds "10"]
[EventCountry "BER"]
[EventCategory "16"]
[SourceTitle "CBM 099"]
[Source "ChessBase"]
[SourceDate "2004.03.30"]
[SourceVersion "1"]
[SourceVersionDate "2004.03.30"]
[SourceQuality "1"]

1. e4 g6 2. d4 Bg7 3. Nf3 d6 4. Bc4 Nf6 5. Qe2 O-O 6. e5 {White carries out
e4-e5 in order to limit the possibilities of black's dark-squared bishop, and,
at the same time, to get space advantage. Another possibility is} (6. O-O Bg4 {
1/2-1/2 Finkel,A-Kantsler,B/Israel 1998/CBM 64/[Finkel,A] (25)}) 6... dxe5 (
6... Ne8 {is too passive:} 7. h3 c5 8. c3 Nc6 9. O-O a6 10. Rd1 b6 11. Bf4 Bb7
12. dxc5 bxc5 13. Na3 $16 {1-0 Damljanovic,B-Buigues,P/La Coruna 1998/EXT 2000
(34)}) 7. dxe5 Nd5 8. h3 {preventing from black to change the light-squared
bishop. White tried also the following continuations:} (8. O-O c6 9. Rd1 Qc7
10. Bxd5 cxd5 11. Nc3 e6 12. Nb5 Qd7 13. Bg5 $14 {1/2-1/2 Smyslov,V-Hamed,A/
Subotica 1987/CBM 03 (54)}) (8. Bd2 Bg4 9. Nc3 Nb6 10. O-O-O Nc6 11. Bb3 e6 12.
Bf4 Qe7 13. Qe3 Qb4 $132 {1/2-1/2 Garcia,G-Gligoric,S/Saint John 1988/CBM 06 
(44)}) 8... Nb6 9. Bb3 Nc6 10. O-O ({Another option is not to hurry with the
castle, but firstly, to get into the game his pieces on the queenside:} 10. Nc3
a5 11. a4 Be6 12. Bxe6 fxe6 13. Nb5 Nd7 14. Ng5 $1 $14 {1-0 Kveinys,A-Paehtz,T/
Germany 2002/EXT 2003 (33)}) 10... Na5 {White's light-squared bishop creates
some unplesant pressure on f7, as well as it makes difficult the developing of
black's light-squared bishop. Therefore, black decides to eliminate it.} 11.
Rd1 Qe8 12. Nc3 Nxb3 13. axb3 Bd7 14. Bf4 {strengthening the e5 pawn, and,
sometimes, threatening with e5-e6.} c5 $2 $146 {losing the pawn. This move is
played for the first time. In the previous game black continued} (14... a6 15.
Qe3 (15. e6 Bxe6 16. Bxc7 Qc6 17. Be5 $14) 15... Rd8 16. Bh6 Bxh6 17. Qxh6 f6
18. Qe3 $14 {1/2-1/2 Damljanovic,B-Finkel,A/Bugojno 1999/CBM 74 (41)}) (14...
Qc8 15. Ra5 $1 $14) 15. Be3 $1 Qc8 16. Ra5 $1 {Probably this addition of the
rook to attack on the black's c5 pawn was overlooked by Viorel...} Bc6 (16...
c4 $2 17. Bxb6 axb6 18. Rxa8 Qxa8 19. Rxd7 $18) 17. Bxc5 $16 {White has won
the pawn, while black didn't get anything for it.} Nd7 ({Black doesn't succeed
to equalize after} 17... Qc7 18. b4 Bxf3 19. Qxf3 Bxe5 20. Nb5 Qc6 21. Qxc6
bxc6 22. Nxa7 Nc4 23. Raa1 (23. Nxc6 Nxa5 24. Nxe5 Rfc8 $16) 23... Nxb2 24. Rd7
Nd3 25. Bd4 Bxd4 26. Rxd4 $16 Ne5 $141 27. Re4 f6 28. f4 $18) 18. Bxe7 ({
Only not} 18. Bd4 b6 $13 {[%cal Gc6f3]}) 18... Re8 19. Bd6 b6 $6 ({Better was} 
19... Bxf3 20. Qxf3 Nxe5 21. Qf4 $16) 20. Raa1 $6 {throwing away some of his
advantage. White had more attractive possibility:} (20. Rad5 $142 Bxd5 $141 $6
21. Nxd5 Bf8 (21... Qb7 22. Nc7 $18) 22. Qd2 $1 $18) 20... Bxf3 21. Qxf3 Nxe5
22. Qf4 $16 Qc6 23. Ba3 $6 {This move gives black some chances, as currently
white bishop is located very passive. Better was one of the following
continuations:} (23. Qa4 $5 $16) (23. Rd5 $1 {[%cal Ga1d1]} Ng4 24. Rd3 (24.
Rad1 $2 Bxc3 25. bxc3 $2 Qxd5 $17) 24... Ne5 25. Rd2 $16) 23... Rad8 24. Rxd8
Rxd8 25. Re1 Qe6 {threatening Nf3+.} 26. Kf1 {defending the rook.} h6 27. Qe4
Qc8 $6 {too passive. Better was} (27... Qc6 $14 28. Qxc6 $2 Nxc6 $44 {[%cal
Yd8d2,Yc6d4]}) 28. Nd5 $1 {white's advantage is obvious again, thanks to
black's inaccuracy on the previous move.} Nc6 {covering the e7 square.} (28...
Kh7 29. c4 $16) 29. Qc4 {threatening with Qxc6 and Ne7+.} (29. c4 $16 {strong
enough as well.}) 29... Kh7 (29... Qf5 $5 {doesn't change an evaluation of
position:} 30. Rd1 (30. Qxc6 Rxd5 $44) 30... Qc8 31. b4 $16) 30. Ne7 Nxe7 31.
Rxe7 a5 (31... Rd1+ 32. Ke2 Qd8 33. Qxf7 Rd2+ 34. Kf3 Qd4 35. Kg3 h5 36. c3 $18
) 32. Rc7 $5 ({Simple} 32. Rxf7 {was better:} Rd1+ 33. Ke2 Qd8 34. Bf8 Rd7 (
34... Rd2+ 35. Kf3 Qa8+ 36. Kg3 Qb8+ 37. Qc7) 35. Rxg7+ Rxg7 36. Bxg7 $18)
32... Rd1+ $6 ({Black had more chances after} 32... Qf5 33. Rxf7 Qe5 34. Qe2
Qd5) 33. Ke2 Qd8 34. Qxf7 Rd2+ 35. Ke1 Rd1+ 36. Ke2 Rd2+ 37. Kf3 Qd4 $8 {
[%cal Gd4f2,Yd4g7]} 38. Kg3 h5 $1 {The only black's chance. Other moves don't
prevent from white big advantage:} (38... Qe5+ 39. Qf4 Qxf4+ 40. Kxf4 Rxf2+ 41.
Ke3 $16) (38... Rxc2 39. Rxc2 Qd3+ 40. Kh2 Qxc2 41. Bd6 Qf5 42. Qxf5 gxf5 43.
Bc7 Bd4 44. Kg3 Kg6 45. f4 Kf6 46. Kf3 h5 47. g4 hxg4+ 48. hxg4 fxg4+ 49. Kxg4
$16) 39. Be7 $4 {[%mdl 8192] Terrible mistake, which was made, probably, in
time trouble...} (39. Bf8 h4+ (39... Qe5+ 40. Kh4 Rd4+ 41. g4 Rxg4+ 42. hxg4
Qh2+ 43. Kg5 Qe5+ $11 44. Qf5 gxf5 45. Rxg7+ Kh8 46. Re7 Qd5 47. gxf5 $13) 40.
Kh2 Qe5+ 41. f4 Rxg2+ 42. Kxg2 Qe2+ $11) (39. Qf4 $1 Qxf4+ 40. Kxf4 Rxf2+ 41.
Ke3 $16) 39... Qe5+ 40. Qf4 {[%tqu "En","Please find the winning move for
black.","","","d2d4","",10]} Rd4 $1 41. Bd6 Qxd6 42. Qxd6 Rxd6 $19 {Now black
is a piece up without any chances for white.} 43. f4 Kh6 44. Kf3 h4 $1 45. c3
Rd2 46. Rc6 Rxb2 47. Rxb6 Bxc3 48. f5 Bb4 49. Rxg6+ Kh5 50. Rg8 Rxb3+ {Black
is going to advance his "a" pawn with support of rook and bishop.} 51. Kf4 Bd6+
52. Ke4 Rb5 {The preciset one. Black cuts white monarch along 5-th rank.} 53.
Rd8 (53. f6 Re5+ 54. Kd4 Rf5 $19) 53... Be7 54. Rh8+ Kg5 55. Rg8+ Kf6 56. Rg6+
Kf7 57. Ra6 Bc5 58. Kf4 Rb4+ 59. Kf3 a4 60. g4 hxg3 {destroying white's
connected pawns.} 61. Kxg3 Rb3+ 62. Kg4 a3 63. Ra5 Rc3 64. h4 Rc2 65. Kf4 a2
66. Ke4 Rd2 {with following Bd4.} 0-1

[Event "Bundesliga 0203"]
[Site "Germany"]
[Date "2003.02.08"]
[Round "10.3"]
[White "Tischbierek, Raj"]
[Black "Golubev, Mikhail"]
[Result "0-1"]
[WhiteElo "2523"]
[BlackElo "2528"]
[Annotator "Erenburg,S"]
[PlyCount "82"]
[EventDate "2002.10.19"]
[EventType "team-tourn"]
[EventRounds "15"]
[EventCountry "GER"]
[SourceTitle "CBM 094"]
[Source "ChessBase"]
[SourceDate "2003.05.26"]
[SourceVersion "1"]
[SourceVersionDate "2003.05.26"]
[SourceQuality "1"]
[WhiteTeam "Kreuzberg"]
[BlackTeam "Stuttgart"]
[WhiteTeamCountry "GER"]
[BlackTeamCountry "GER"]

1. g3 g6 2. Bg2 Bg7 3. d4 Nf6 4. e4 d6 5. Nc3 O-O 6. Nge2 e5 7. h3 exd4 8. Nxd4
Re8 9. O-O Na6 {Black has many other continuations:} (9... a6 {See commented
game Azmaiparashvili,Z-Nevednichy,V 1-0/Ohrid 2001/CBM 84/[Tsesarsky] (54)}) (
9... c6 10. a4 (10. Bf4 Qe7 11. Qd2 Nbd7 12. Rad1 Ne5 13. b3 $132 {1-0
Autenrieth,M-Loschinski,D/Germany 1993/EXT 99 (31)}) 10... a5 11. Bf4 Nh5 12.
Be3 Na6 13. Re1 Nf6 14. f4 Qc7 $132 {1/2-1/2 Vassallo,M-Elguezabal Varela,D/
Barcelona 2000/CBM 77 ext (19)}) (9... Nc6 10. Nde2 Bd7 11. Nf4 Qc8 12. Kh2 Re5
13. Re1 b5 $132 {1-0 Urban,K-Czerwonski,A/Police 1993/EXT 98 (27)}) (9... Bd7
10. Bg5 Qc8 (10... Nc6 11. Nde2 h6 12. Be3 Ne5 13. b3 $132 {1-0 Tobak,
A-Lukinov,P/Koszalin 1998/EXT 99 (25)}) 11. Kh2 Nc6 12. Nb3 b5 13. Nd2 Rb8 {
0-1 Lange,S-Korth,U/GER 1998/EXT 2001 (35)}) (9... Nbd7 10. Re1 c6 11. Bf4 Ne5
12. Qe2 Qb6 13. Nb3 Be6 $11 {1/2-1/2 Beliavsky,A-Tseshkovsky,V/Minsk 1979/
URS-ch (24)}) 10. Nb3 (10. Re1 Nc5 11. Nb3 Ncd7 12. Be3 Ne5 13. Qe2 Be6 14. Nd4
Bc4 15. Qd2 $14 {1/2-1/2 Mozes,E-Tsarev,V/Kiev 1989/CBM 15 (39)}) 10... Nb4 (
10... Rb8 11. Re1 b6 12. Nd5 Nd7 13. c3 Bb7 14. Be3 c6 15. Nf4 Nf6 16. Qc2 $132
{0-1 Roeder,G-Movsziszian,K/Bad Woerishofen 1997/EXT 2000 (43)}) 11. Bg5 h6 12.
Be3 a5 13. Qd2 a4 $5 $146 {This move probably better than:} (13... Kh7 14. Rad1
Bd7 15. Nd4 Nc6 16. f4 $14 {1-0 Ljubojevic,L-Jhunjhnuwala,K/Luzern 1982/EXT
97-B (42)}) 14. Nd4 a3 (14... Kh7 15. a3 Na6 {[%cal Ya6c5]} 16. Rae1 Nc5 17. f3
Bd7 $11) 15. bxa3 (15. b3 {comes to consideration.}) 15... Rxa3 $11 {Black
succeeded to solve the problems of the openings. His pieces are quite active
in comparison to white's ones. Black's pawn structure is even better than the
white's one, so black can hope to achieve a slight advantage in the near
future.} 16. Ndb5 ({Nothing gives:} 16. Ncb5 Ra4) 16... Ra5 17. a3 Nc6 18. a4
Ne5 (18... Kh7 $5 {deserved attention as well.}) 19. Bxh6 Nc4 20. Qd4 $6 {
White gives up for the dark-squared bishop and allows to black to get the
slight advantage.} ({White should go for the equal position after:} 20. Qf4
Bxh6 21. Qxh6 c6 22. Na3 (22. Nd4 Rh5 23. Qf4 Bxh3 $15 {[%csl Gc4]}) 22... Nxa3
23. Rxa3 Bxh3 $1 $11) 20... Bxh6 21. Qxc4 c6 22. Nd4 Rh5 $6 {Black has missed
the simple way to get a clear advantage.} (22... Nxe4 $1 23. Nxe4 (23. Bxe4 d5
24. Bxd5 cxd5 25. Qd3 Bxh3 {black's chances are obviously preferable.}) 23...
d5 24. Nf6+ Qxf6 $15) 23. h4 ({Deserved attention:} 23. g4 $5 Rc5 24. Qd3)
23... Ng4 ({Probably better was} 23... Nxe4 24. Nxe4 (24. Bxe4 $5 d5 25. Bxd5
cxd5 26. Qd3 $13) 24... d5 25. Qd3 dxe4 26. Bxe4 Bg7 27. Rad1 $1 (27. c3 Rhe5
28. f3 (28. Bg2 c5) 28... f5 29. Qc4+ Kh7 30. Bc2 Qd6 $1 $44) 27... Ra5 (27...
Rxe4 28. Qxe4 Rd5 29. c3 c5 30. Rfe1 Kh7 31. Qf3 $1 cxd4 32. Qxf7 Rd7 33. Rxd4
$13) 28. Rfe1 Rxa4 29. c3 Bg4 $15) 24. Nf3 (24. Rad1 $5 Bg7 25. Nce2 Nf6 $11)
24... Rc5 ({Black had another interesting option:} 24... Qa5 $5) 25. Qb4 {
taking control over the important square a5.} (25. Qd3 Bg7 26. Ra3 Qa5 $15)
25... Bg7 26. Ra3 Qf6 $6 ({Better is} 26... Qe7) 27. Ne2 $6 {White shouldn't
give up on the pawn c2, as black has already pair of bishops in open position
and after it black will get a nice position with the material equality.} (27.
Rd1 $5 Qe7 (27... Rxc3 28. e5) 28. Rd2 Be6 {[%cal Gc5c4]} 29. Bf1 $13) (27. a5
$5 Rxc3 $140 $2 28. e5 $16) 27... Rxc2 $15 28. Nf4 $2 {It is already a serious
mistake, after which black is going to get the clear advatage. Better was:} (
28. Ned4 Rxf2 (28... Rc5 $5) 29. Rxf2 Nxf2 30. Kxf2 Rxe4 $15) (28. Nfd4 Rc5 $13
(28... c5 29. Qb5)) 28... Rb2 $1 29. Qe1 (29. Rb3 Rxb3 30. Qxb3 Rxe4) 29... d5
30. Ng5 dxe4 31. Nxe4 (31. Rd3 $5 Bf5 32. f3 Ne5 $17) 31... Qe7 $1 {[%cal
Ge7a3,Ye8e1]} 32. Ra1 Bf5 ({Strong enough as well:} 32... Rb4 33. Nd6 Bxa1 34.
Qxe7 Rxe7 35. Nxc8 Rc7 36. Rxa1 Rxc8 37. Bh3 f5 $19) 33. Nd6 (33. Bf3 {doesn't
change the estimation of position:} Rc2 34. Rd1 Ne5 35. Bg2 Nc4 $19) 33... Qxe1
34. Raxe1 Rxe1 35. Rxe1 Bd4 $19 {All the black pieces are aimed at the white
king and it is clear that white can't hold his position.} 36. Nh3 Nxf2 37. Re8+
Kh7 38. Ng5+ Kg7 39. Nxf5+ gxf5 40. Kf1 $2 ({More resistant was:} 40. Nf3 Bc5
41. Kh2 Ne4 $19 {and the rest is a matter of technique, while black still has
to be careful not to throw away his big advantage.}) 40... Ng4 $1 41. Bf3 Ne3+
0-1

[Event "Nagykanizsa 1st"]
[Site "Nagykanizsa"]
[Date "2003.11.11"]
[Round "7"]
[White "Balogh, Csaba"]
[Black "Vajda, Levente"]
[Result "1-0"]
[WhiteElo "2449"]
[BlackElo "2537"]
[Annotator "Erenburg,S"]
[PlyCount "53"]
[EventDate "2003.11.05"]
[EventType "tourn"]
[EventRounds "11"]
[EventCountry "HUN"]
[EventCategory "11"]
[SourceTitle "CBM 099"]
[Source "ChessBase"]
[SourceDate "2004.03.30"]
[SourceVersion "1"]
[SourceVersionDate "2004.03.30"]
[SourceQuality "1"]

1. e4 g6 2. d4 Bg7 3. Nc3 d6 4. Bg5 c6 5. Qd2 Qa5 $6 {Rare continuation in
comparison to} (5... b5) 6. f4 b5 7. Nf3 {White tried also} (7. a3 Na6 8. Nf3
Bg4 9. Be2 Qb6 10. Rd1 Nc7 11. Bh4 a5 12. O-O Nf6 13. h3 Bxf3 14. Bxf3 b4 15.
Na4 Qb5 16. b3 $16 {1-0 Spangenberg,H-Azmaiparashvili,Z/Sevilla 1994/TD (35)})
7... Nd7 $146 {New move. In the previous game black continued} (7... Nf6 8. Bd3
(8. e5 $6 b4) 8... b4 9. Ne2 Ba6 10. O-O Bxd3 11. cxd3 Qb6 12. Kh1 Nbd7 13. f5
gxf5 14. Ng3 fxe4 15. dxe4 d5 16. e5 Ne4 17. Nxe4 dxe4 18. Nh4 Qb5 19. Bxe7 {
1-0 Odeev,H-Meshkov,Y/Moscow 1991/TD (19)}) 8. Bd3 {Now it's not so easy for
black to complete the development of the kingside, as white is ready to push
forward his "e" pawn.} Nb6 (8... Ngf6 9. e5) 9. O-O Bg4 {attacking white's
centre.} 10. e5 $1 {This move has many functions. First of all, it protects
the central d4 square. Overmore, it limits the possibilities of black's
dark-squared bishop and prevents from black to complete the development on the
kingside.} d5 $2 {allowing white to get an obvious advantage. Black should try}
(10... Bxf3 11. Rxf3 Qb4 $5 12. Be4 d5 13. a3 Nc4 14. Qf2 Qxb2 15. Rb1 Qxb1+
16. Nxb1 dxe4 $14) 11. a4 $1 $32 {Now black is going to pay for his
unsuccessful opening strategy. White's development advantage is too big,
therefore he plays aggressively.} Bxf3 $2 ({The least of the evils was} 11...
Nc4 12. Qe1 b4 (12... Nxb2 13. axb5 Qb4 14. bxc6 Bxf3 15. Rxf3 Qxd4+ 16. Kh1
$16) 13. Nd1 h6 14. Bh4 $32) (11... b4 12. Na2 $1 Nxa4 13. Nc1 $18) 12. axb5 $1
Qb4 13. Rxf3 Qxd4+ 14. Qf2 $1 {The strongest move. White trades the only
active black's piece.} Qxf2+ {Other continuations don't make black's life
easier:} (14... Qb4 15. Qxb6 $1 axb6 16. Rxa8+ Kd7 17. bxc6+ Kxc6 18. Ra7 $3
$18 {[%cal Gd3b5,Ga7c7,Yc3d5]}) (14... c5 15. Qxd4 cxd4 16. Ne2 f6 17. exf6
Nxf6 (17... exf6 18. Bh4 f5 19. Bf2 $18) 18. Nxd4 Ne4 19. Nc6 Nxg5 (19... Bxb2
20. Re1) 20. fxg5 Bxb2 21. Re1 $18) 15. Kxf2 c5 (15... h6 16. Bh4 g5 17. bxc6
$1 gxh4 18. Ba6 $18 {[%cal Gc6c7,Ga6b7]}) 16. Nxd5 $1 {[%mdl 512] Black has
three pieces, which are not in the game yet. Therefore, white acts immediately!
} Nxd5 17. Be4 $18 e6 (17... Rd8 18. Rd3 $18) (17... O-O-O 18. Rxa7 $18) 18. c4
f5 19. cxd5 $1 {The precisest way to win the game. Other ones leave black some
chances. For example:} (19. exf6 Ngxf6 20. Bxf6 Bxf6 21. cxd5 exd5 22. Bxd5
O-O-O $13) (19. Bxd5 exd5 20. cxd5 $16) 19... fxe4 20. Rfa3 {Black is hopeless
against white's activity and against so many passed pawns.} Nh6 {Other options
don't change the evaluation of position:} (20... exd5 21. b6 Rb8 22. bxa7 Ra8
23. Rb3 Ne7 24. Bxe7 Kxe7 25. Rb7+ Kf8 26. Ra5 $1 $18 {[%cal Ga5c5,Gc5c7]}) (
20... h6 21. Bh4 g5 (21... exd5 22. b6 g5 23. Rxa7 Rd8 24. Rxg7 gxh4 25. Raa7
$1 Rb8 26. Rac7 $1 Kf8 27. b7 $18) 22. b6 gxh4 23. Rxa7 Rd8 24. d6 $1 $18 {
[%cal Ga7a8,Gb6b7]} (24. Rxg7 Ne7 25. d6 Nf5 26. Rc7 $18)) 21. Rxa7 Rxa7 22.
Rxa7 O-O 23. dxe6 (23. d6 {wins as well:} Nf7 24. Be7 Rb8 25. b6 $18) 23... Nf5
{Black loses in any case:} (23... Rb8 24. Ke3 Nf5+ 25. Kxe4 Nd4 26. e7 h6 27.
Bh4 Nf5 28. Rd7 $18) (23... Ng4+ 24. Kg3 (24. Ke2 h6 25. Be7 Rxf4 26. Ra8+ Kh7
27. Bh4 $18) 24... Ne3 25. b6 Nf5+ 26. Kf2 {- the game.}) 24. b6 {White's
pawns are unstoppable.} e3+ 25. Ke1 Rb8 (25... Nd4 26. b7 Nc6 27. Ra8 $18) 26.
b7 Bf8 (26... Nd4 27. Ra8 Nc6 28. Be7 Bf8 29. Bd6 Bxd6 30. exd6 Kf8 31. Ke2 $18
) 27. e7 $1 1-0

[Event "Decameron"]
[Site "Decameron"]
[Date "2003.12.06"]
[Round "1"]
[White "Mateo, Ramon"]
[Black "Nisipeanu, Liviu Dieter"]
[Result "0-1"]
[WhiteElo "2445"]
[BlackElo "2675"]
[Annotator "Erenburg,S"]
[PlyCount "62"]
[EventDate "2003.12.06"]
[EventType "tourn"]
[EventRounds "9"]
[EventCountry "DOM"]
[EventCategory "9"]
[SourceTitle "CBM 099"]
[Source "ChessBase"]
[SourceDate "2004.03.30"]
[SourceVersion "1"]
[SourceVersionDate "2004.03.30"]
[SourceQuality "1"]

1. d4 g6 2. e4 Bg7 3. Nc3 c6 4. Bc4 d6 5. Qf3 e6 6. Nge2 Nd7 {Another
possibility is} (6... b5 {1/2-1/2 Rublevsky,S-Piket,J/Montecatini Terme 2000/
CBM 79/[Finkel,A] (43)}) 7. Bf4 {White tried also} (7. O-O {See 0-1 Flores,
D-Bologan,V/Buenos Aires 2000/CBM 80/[Finkel,A] (48)}) 7... Ngf6 (7... Qe7 {
possible as well:} 8. Bb3 e5 9. dxe5 dxe5 10. Be3 Ngf6 11. g4 h6 12. g5 hxg5
13. Bxg5 Nc5 14. h4 Bg4 15. Qe3 Be6 16. O-O-O Bxb3 17. axb3 Ne6 18. Kb1 $36 {
Adams,M-Walker,D,Eastbourne ch-GB 1990}) 8. Rd1 ({White cannot win the pawn:} 
8. Bxd6 {, in view of} Nb6 9. e5 Nxc4 10. exf6 Qxf6 $11) 8... Qe7 9. O-O $146 {
According to my database, this position appeared for the first time. In the
previous game white continued} (9. Bg5 h6 10. Bh4 O-O 11. O-O a5 12. a3 e5 13.
d5 g5 14. Bg3 Nb6 15. Bb3 a4 16. Ba2 c5 (16... cxd5 $5) 17. Qd3 Nh5 18. f3 Nf4
$13 {1-0 Ernst,T-Ehlvest,J/Thessaloniki 1988/TD (61)}) 9... O-O 10. Bb3 a5 {
Black suffers from lack of space, therefore, he tries to occupy some space on
the queenside. On the other hand, black's pawn structure is very flexible,
that gives him good chances for counterattack.} 11. Bg5 h6 12. Bh4 e5 {Now
black is defining his pawn structure and immediately is attacking white's
center.} 13. Rfe1 Re8 14. h3 {covering g4 square.} ({White doesn't achieve
anything after} 14. d5 g5 15. dxc6 bxc6 16. Bg3 Nc5 $15) 14... exd4 15. Nxd4
Nc5 $2 {seems very logical, but this move allows white to use some tactical
resources.} ({Better was} 15... Ne5 16. Qe2 (16. Qe3 Nfg4 $1) 16... Qc7 $11 {
[%cal Yf6d7,Yd7c5]}) 16. Bc4 $2 {missing much more attractive option:} (16.
Ndb5 $1 {[%mdl 64]} Rd8 $1 (16... cxb5 17. Nd5 $18) (16... Nxb3 17. Nxd6 g5 (
17... Rd8 18. e5 g5 19. exf6 Qxf6 20. Nde4 Qe7 21. Nxg5 $1 $18) 18. Bg3 g4 (
18... Nc5 19. Nxc8 $16) 19. Nxc8 $16) 17. Nxd6 $1 {[%mdl 64]} (17. Bxf6 Bxf6 (
17... Qxf6 18. Qxf6 Bxf6 19. Nxd6 $16) 18. Nxd6 Nxb3 19. Nxc8 Raxc8 20. axb3
Rxd1 21. Rxd1 Re8) 17... Rxd6 (17... Nxb3 18. e5 $18) 18. Rxd6 Qxd6 19. e5 Qd2
20. Rd1 $16) 16... Bd7 17. Nb3 Nxb3 18. e5 $5 {[%mdl 64] Interesting
continuation, while simple} (18. Bxb3 {doesn't promise white anything special.}
g5 $6 (18... a4 19. Nxa4 g5 20. Bg3 Nxe4 (20... d5 21. Nb6 $18) 21. Rxe4 $18) (
18... Rad8 $142 $1 $11 {[%cal Gd7e6]}) 19. Bg3 d5 (19... g4 20. Qd3 d5 21. exd5
(21. Bh4 $5) 21... Qxe1+ 22. Rxe1 Rxe1+ 23. Kh2 gxh3 24. gxh3 $14) 20. exd5
Qxe1+ 21. Rxe1 Rxe1+ 22. Kh2 $14) 18... g5 $5 (18... Nc5 {is also possible.}
19. Bxf6 (19. exf6 Qxe1+ 20. Rxe1 Rxe1+ 21. Kh2 Bf8 $17) 19... Bxf6 20. exf6
Qxe1+ 21. Rxe1 Rxe1+ 22. Kh2 $13) 19. Bg3 $2 {Serious mistake, which allows
black to get a material advantage.} (19. Bxb3 $2 gxh4 (19... dxe5 20. Bg3 g4
21. Qd3 $15) 20. exf6 Qxf6 21. Qxf6 Rxe1+ $1 (21... Bxf6 22. Ne4 $13) 22. Rxe1
Bxf6 $17) ({Stronger was} 19. exf6 $1 Qxe1+ (19... Qxf6 20. Qxf6 Bxf6 21. cxb3
$1 Rxe1+ (21... gxh4 22. Ne4) 22. Rxe1 gxh4 23. Ne4 Be5 24. Nxd6 $11) 20. Rxe1
Rxe1+ 21. Kh2 Nd2 22. Qh5 $1 Nxc4 23. fxg7 Kxg7 (23... Nd2 24. Qxh6 Nf1+ $11)
24. Bxg5 $13) {[%tqu "En","Please enter the strongest move for black.","","",
"g5g4","",10]} 19... g4 $1 (19... dxe5 20. Rxe5) (19... Nc5 20. exf6) 20. Qe3
$8 Nc5 21. exf6 Qxf6 22. Qd2 d5 $19 {Now black is a pawn up without any
compensation for white. The rest is a matter of an easy technique.} 23. Bf1
gxh3 24. gxh3 Qg5 $1 {The simplest way to win the game. Black trades queens,
thus, gets a winning endgame.} 25. Qxg5 hxg5 26. Bd6 Ne6 ({Strong enough as
well:} 26... Bxc3 27. Rxe8+ (27. bxc3 Ne4) 27... Rxe8 28. Bxc5 Bxb2 29. Rb1 Be5
30. Rxb7 Bf5 $19) 27. Ne2 (27. Bd3 {doesn't help white:} Nd4 28. Kg2 Bf5 $19)
27... Bxb2 $1 28. Rb1 Bf6 29. Rxb7 Nd4 {Black threats with Nf3+ and white has
nothing to do against black's activity.} 30. Rd1 {Other continuations don't
change anything:} (30. Kg2 Bf5 31. Nxd4 Bxh3+ 32. Kxh3 Rxe1 $19) (30. Reb1 Nf3+
(30... Nxe2+ 31. Bxe2 Rxe2 (31... Bc8 32. Bh5) 32. Rxd7) 31. Kg2 Nd2 32. Rd1
Nxf1 33. Rxd7 Rxe2 $19) 30... Nxe2+ 31. Bxe2 Bc8 $1 {wining a bishop.} 0-1